000
00294nam a22001337a 4500
008
170821b xxu||||| |||| 00| 0 eng d
020
_a
9780130166326
041
_a
eng
080
_2
3RD
_a
51
100
_a
37
101
_a
MAT
245
_a
INTERMEDIATE ALGEBRA
_c
MARTIN,K.E
942
_2
udc
_c
BK
999
_c
24212
_d
24212